00539nam a22001697a 450000500170000001000150001702000250003203500140005703700130007108200140008410000230009824500860012126000440020727000630025130000210031450000340033520181208155330.0 aENG-119201 a978812415718c495.00 aEN-102733 bDBAD/PUB a338.90014 aSingh, Ganga Sagar aDevelopment communication and international comunication /cby Ganga Sagar Singh  aNew DelhibHar- Anand Publicationc2011 aE-49/3, Okhhla Industial Area, Phase-IIbNew Delhie110020 a 244p.c23cm(Hb) aIncludes references and index